000
00312nam a2200133Ia 4500
005
20260328104336.0
008
260328s9999||||xx |||||||||||||| ||und||
100
_a
Piaget, Jean
245
0
_a
BiologĂa y Conocimiento /
_c
Jean Piaget
260
_b
Sa
300
_a
338 p.
650
_a
ARQUITECTURA
942
_c
BK
999
_c
11888
_d
11888